Statistics for Historical Women-famous for

Click here to take the quiz!

General Stats

  • This quiz has been taken 62 times
  • The average score is 23 of 36

Answer Stats

known forwoman% Correct
queen of scotsMary
97%
wrote a diaryAnne Frank
95%
jamaican crimean war nurseMary seacole
95%
frankensteinMary Shelley
95%
sat on a busRosa Parks
95%
mother of JesusVirgin mary
95%
caused separation from catholic churchAnne Boleyn
90%
nobel prize early 1900sMarie Curie
90%
russian empressCatherine the great
86%
first woman to fly soloAmelia Earhart
85%
medici queen of franceCatherine
85%
had 2 roman loversCleopatra
85%
burnt at stake in france 1430Joan of Arc
85%
2nd longest reigning monarch of ukVictoria
85%
french designerCoco Chanel
81%
pride and prejudiceJane Austen
81%
mexican artistFrida Kahlo
78%
bronteEmily
76%
nine day queenJane Grey
71%
hercule poirotAgatha Christie
69%
sesductive spy hariMata Hari
61%
disney movie loosely based on herPocahontas
61%
wax figuresMadame Tussaud
58%
lady of the lampFlorence Nightingale
56%
Roman HolidayAudrey Hepburn
53%
defeated the romansBoudicca
47%
womens voteemmeline Pankhurst
37%
book of the bibleEsther
36%
motherTheresa
36%
fought for female education, writer 6th wifeKatherine Parr
32%
wartime british singerVera Lynn
32%
victorian mathematicianAda lovelace
24%
spanish princessCatherine of Aragon
22%
alexandrian mathematician AD 415Hypatia
10%
night at the museumSacagawea
10%
first woman to swim english channel 1926Gertrude Ederle
8%

Score Distribution

Percentile by Number Answered

Percent of People with Each Score

Your Score History

You have not taken this quiz